00644 2200241 4500001002100000005001500021035002000036245008200056100001600138250000600154300003100160700001700191260003600208082001000244084001600254020002200270650002400292990001700316990001700333990001700350990001800367990001700385INLIS00000000000012420180829111521 a0010-08180000881 aCipta Karya Pembangunan Bidang Kerajinan /cTj. Arisman; Editor, Dina Mariana0 aTj. Arisman a- aiv, 48 hlm. :bilus. ;c210 aDina Mariana aJakarta :bCV Rian Utama,c2008 a745.5 a745.5 ARI c a978-979-8843-22-3 aKeterampilan Tangan a00530/P/2018 a00531/P/2018 a00532/P/2018 a005333/P/2018 a00534/P/2018